| 000 | 00428nam a22001577a 4500 | ||
|---|---|---|---|
| 003 | MPLRDC | ||
| 005 | 20220104123839.0 | ||
| 008 | 210129b ||||| |||| 00| 0 eng d | ||
| 082 | _a177.3 CAR-9 | ||
| 100 | _aDALE CARNEGIE 原著 | ||
| 245 |
_a享受生命和友谊 _c黄智惠译 |
||
| 260 |
_a _b银禾文化事业有限公司 _c1986 |
||
| 300 | _b平 | ||
| 650 | _a应用心理学--人际关系 | ||
| 942 |
_cBK _o177.3 CAR-9 |
||
| 999 |
_c14670 _d14660 |
||